000 01349nam a2200277 i 4500
001 bg
946 _c25,00
245 0 0 _aZabezpieczenie przeciwkorozyjne elementów i konstrukcji stalowych - (kod CPV 45442200-9) /
_cOśrodek Wdrożeń Ekonomiczno-Organizacyjnych Budownictwa "Promocja".
260 _aWarszawa :
_bOśrodek Wdrożeń Ekonomiczno-Organizacyjnych Budownictwa "Promocja",
_c2005.
300 _a36 s. ;
_c24 cm.
490 1 _aSpecyfikacje techniczne Wykonywania i Odbioru Robót Budowlanych (Standardowe)
650 9 _aBudownictwo
_xtechnika
_xnormalizacja
_zPolska
650 9 _aKorozja i erozja
_xzapobieganie i zwalczanie
_xnormalizacja
_zPolska
650 9 _aKonstrukcje stalowe
_xochrona i konserwacja
_xnormalizacja
_zPolska
655 _aInformatory
710 2 _aOśrodek Wdrożeń Ekonomiczno-Organizacyjnych Budownictwa "|PROMOCJA".
830 _aSpecyfikacje techniczne Wykonywania i Odbioru Robót Budowlanych (Standardowe)
020 _a8389756331
020 _a9788389756336
040 _cBPK
041 0 _apol
044 _aPOL
080 _a699.8:006.3/.8(438)(058)
942 _cKS
008 s pl f |000 0 pol
999 _c49790
_d49790
856 _uhttp://koha.tu.koszalin.pl/cgi-bin/koha/opac-detail.pl?biblionumber=49790
_yKatalog online BPK